000 00279nam a2200109Ia 4500
008 200302s9999 xx 000 0 und d
100 _aJames Steele
245 _aHellenistic Architecture In Asia Minor
260 _bAcademy Editions Group Ltd.
260 _c1992
300 _a251 P.,
999 _c2149
_d2149